Načítá se...
ASSISTANTS GRADE examination papers. 1942, 1943, 1945, 1947 /
| Jazyk: | Undetermined |
|---|
| LEADER | 00356nam a2200097Ia 4500 | ||
|---|---|---|---|
| 001 | 93541 | ||
| 008 | 170722s9999 xx 000 0 und d | ||
| 245 | |a ASSISTANTS GRADE examination papers. 1942, 1943, 1945, 1947 / | ||
| 942 | |c GEN | ||
| 999 | |c 39164 |d 39164 | ||
| 952 | |0 0 |1 0 |4 0 |6 V_28T55_G1H7_CR |7 0 |9 52872 |a LIB |b LIB |d 2017-08-12 |o V2,8:(T:5,5) G1,H7 CR |p 36640 |r 2017-08-12 |w 2017-08-12 |y GEN | ||